000 00626nam a22001697a 4500
005 20260218161101.0
008 260218b |||||||| |||| 00| 0 eng d
020 _a9789393875686
040 _cVITAP
082 _223
_a294.535 VEN
100 _aNambath, Suresh Ed.
_917127
245 _aSrirangam
_b: The Resplendent Kingdom of Rangaraja
_c/ Suresh Nambath Ed.
260 _aChennai
_bTHG Publishing Pvt Ltd.
_c2023
300 _a456p, ill.: 29cm
650 0 _aMythological Significance, Temple History, Architecture & Layout, Vaishnavite Philosophy, Rituals & Festivals, Pilgrimage & Devotion etc.
_917129
942 _2ddc
_cREF
999 _c47296
_d47296